|
|
|
|
| LEADER |
00000nam0a2200000 4500 |
| 001 |
303105 |
| 005 |
20231102001553.0 |
| 035 |
|
|
|a (RuTPU)RU\TPU\book\328325
|
| 090 |
|
|
|a 303105
|
| 100 |
|
|
|a 20150831d1972 m y0rusy50 ca
|
| 101 |
0 |
|
|a rus
|
| 102 |
|
|
|a RU
|
| 105 |
|
|
|a a j 001zy
|
| 200 |
1 |
|
|a Сборник задач по курсу "Радиотехнические цепи и сигналы"
|e учебное пособие для вузов
|f В. П. Жуков, В. Г. Карташев, А. М. Николаев
|
| 210 |
|
|
|a Москва
|c Советское радио
|d 1972
|
| 215 |
|
|
|a 190 с.
|c ил.
|
| 320 |
|
|
|a Библиогр.: с. 188.
|
| 606 |
1 |
|
|a Радиосигналы
|2 stltpush
|3 (RuTPU)RU\TPU\subj\72439
|9 85955
|
| 606 |
1 |
|
|a Радиоаппаратура
|2 stltpush
|3 (RuTPU)RU\TPU\subj\22451
|9 47204
|
| 610 |
1 |
|
|a радиотехнические сигналы
|
| 610 |
1 |
|
|a радиотехнические цепи
|
| 610 |
1 |
|
|a задачи
|
| 610 |
1 |
|
|a электрические колебания
|
| 610 |
1 |
|
|a линейные цепи
|
| 610 |
1 |
|
|a избирательные цепи
|
| 610 |
1 |
|
|a распределенные параметры
|
| 610 |
1 |
|
|a переменные параметры
|
| 610 |
1 |
|
|a автоколебания
|
| 610 |
1 |
|
|a случайные процессы
|
| 610 |
1 |
|
|a нелинейные цепи
|
| 610 |
1 |
|
|a учебные пособия
|
| 675 |
|
|
|a 621.372(076)
|v 3
|
| 675 |
|
|
|a 621.396.6(076)
|v 3
|
| 700 |
|
1 |
|a Жуков
|b В. П.
|g Владимир Петрович
|
| 701 |
|
1 |
|a Карташев
|b В. Г.
|g Владимир Герасимович
|
| 701 |
|
1 |
|a Николаев
|b А. М.
|g Александр Михайлович
|
| 801 |
|
1 |
|a RU
|b 63413507
|c 20150831
|
| 801 |
|
2 |
|a RU
|b 63413507
|c 20220825
|g RCR
|
| 942 |
|
|
|c BK
|